Planes, pains and automobiles (Record no. 107115)

MARC details
000 -LEADER
fixed length control field 00783cab a22002055a 4500
001 - CONTROL NUMBER
control field L138310
008 - FIXED-LENGTH DATA ELEMENTS--GENERAL INFORMATION
fixed length control field 070529e20070519xxka f 000 0 eng d
035 ## - SYSTEM CONTROL NUMBER
System control number (Sirsi) u138310
041 0# - LANGUAGE CODE
Language code of text/sound track or separate title eng
100 1# - MAIN ENTRY--PERSONAL NAME
Personal name Metcalfe, Christian
245 00 - TITLE STATEMENT
Title Planes, pains and automobiles
260 ## - PUBLICATION, DISTRIBUTION, ETC.
Date of publication, distribution, etc. 2007
490 #0 - SERIES STATEMENT
Series statement Estates Gazette
Volume/sequential designation (720) 19 May 2007, 66-68(3)
520 ## - SUMMARY, ETC.
Summary, etc. Discusses "Malmesbury v Strutt and Parker" ([2007] EWHC 999 (QB), L138156) where it was ruled that a surveying firm had been negligent in not obtaining a turnover rent for a plot of land used as an airport carpark.
590 ## - LOCAL NOTE (RLIN)
Local note KA
650 24 - SUBJECT ADDED ENTRY--TOPICAL TERM
Topical term or geographic name entry element MALMESBURY V STRUTT AND PARKER
651 #4 - SUBJECT ADDED ENTRY--GEOGRAPHIC NAME
Geographic name England and Wales
Chronological subdivision 1543-
690 ## - LOCAL SUBJECT ADDED ENTRY--TOPICAL TERM (OCLC, RLIN)
Topical term or geographic name as entry element MANAGEMENT-BUSINESS MANAGEMENT-PROFESSIONAL PRACTICE-NEGLIGENCE
942 ## - ADDED ENTRY ELEMENTS (KOHA)
Suppress in OPAC 0
Holdings
Withdrawn status Lost status Source of classification or shelving scheme Damaged status Not for loan Home library Current library Shelving location Date acquired Total Checkouts Full call number Barcode Date last seen Copy number Price effective from Koha item type
    Dewey Decimal Classification     London London Journal article 29/05/2007   L138310 138310-1001 06/08/2019 1 06/08/2019 Journal article